000 00233nam a22000857a 4500
008 170606b xxu||||| |||| 00| 0 eng d
100 _93292
_aEndow. T. B
245 _aTom and the naughty cow
260 _aNew Delhi
_bNational Book Trust
_c2004
999 _c6609
_d6609